[Event "POL-chT 2nd League Juniors 2020"]
[Site "Sypniewo"]
[Date "2020.10.29"]
[Round "8.9"]
[White "Wieckowski, Michal"]
[Black "Zaborski, Igor"]
[Result "1/2-1/2"]
[WhiteElo "1494"]
[BlackElo "1612"]
[Annotator "NA RC"]
[PlyCount "101"]
[EventDate "2020.10.23"]
[EventType "team-tourn"]
[EventCountry "POL"]
[SourceTitle "playchess.com"]
[Source "ChessBase"]
[SourceQuality "1"]
[TimeControl "5400+30"]

1. e4 {[%emt 0:00:00]} c6 {[%emt 0:00:00]} 2. d4 {[%emt 0:00:17]} d5 {[%emt 0:00:00]} 3. exd5 {[%emt 0:00:37]} cxd5 {[%emt 0:00:08]} 4. Bd3 {[%emt 0:00:39]} Qc7 {[%emt 0:01:13]} 5. Nf3 {[%emt 0:04:55]} Bg4 {[%emt 0:00:35]} 6. h3 {[%emt 0:01:35]} Bh5 {[%emt 0:00:19]} 7. O-O {[%emt 0:03:50]} Nc6 {[%emt 0:00:52]} 8. c3 {[%emt 0:01:23]} e6 {[%emt 0:00:45]} 9. Nbd2 {[%emt 0:04:55]} Nf6 10. Re1 {[%emt 0:08:52]} Bd6 {[%emt 0:05:22]} 11. Nb3 {[%emt 0:07:52]} O-O {[%emt 0:06:59]} 12. Be3 {[%emt 0:01:58]} b6 {[%emt 0:01:41]} 13. Rc1 {[%emt 0:06:08]} Qe7 {[%emt 0:07:24]} 14. Be2 {[%emt 0:19:18]} Rac8 {[%emt 0:03:47]} 15. Bg5 {[%emt 0:07:04]} Kh8 {[%emt 0:04:54]} 16. Ne5 {[%emt 0:02:03]} Bxe2 {[%emt 0:02:19]} 17. Qxe2 {[%emt 0:00:23]} Qc7 {[%emt 0:05:07]} 18. Nd2 {[%emt 0:09:17]} Nd7 {[%emt 0:07:16]} 19. Nxd7 {[%emt 0:06:22]} Qxd7 {[%emt 0:00:12]} 20. Nf3 {[%emt 0:02:18]} Rce8 {[%emt 0:08:18]} 21. Ne5 {[%emt 0:01:10]} Qc7 {[%emt 0:00:31]} 22. Nxc6 {[%emt 0:01:33]} Qxc6 {[%emt 0:00:11]} 23. c4 {[%emt 0:03:33]} dxc4 {[%emt 0:04:21]} 24. Qxc4 {[%emt 0:00:26]} Qxc4 {[%emt 0:02:00]} 25. Rxc4 {[%emt 0:00:03]} Rc8 {[%emt 0:00:13]} 26. Rec1 {[%emt 0:00:14]} Rxc4 {[%emt 0:00:16]} 27. Rxc4 {[%emt 0:00:02]} f6 {[%emt 0:01:02]} 28. Be3 {[%emt 0:00:34]} Rd8 {[%emt 0:00:21]} 29. Kf1 {[%emt 0:00:42]} Kg8 {[%emt 0:00:13]} 30. Ke2 {[%emt 0:00:47]} Kf7 {[%emt 0:00:28]} 31. b3 {[%emt 0:00:50]} Ke7 {[%emt 0:02:46]} 32. h4 {[%emt 0:01:26]} Rd7 {[%emt 0:06:28]} 33. Rc8 {[%emt 0:02:18]} h6 {[%emt 0:01:40]} 34. Kf3 {[%emt 0:01:44]} f5 {[%emt 0:01:43]} 35. g3 {[%emt 0:01:09]} Ba3 {[%emt 0:02:23]} 36. Rc2 {[%emt 0:00:36]} Kf7 {[%emt 0:10:19]} 37. Ke2 {[%emt 0:00:27]} Be7 {[%emt 0:00:21]} 38. Rc6 {[%emt 0:00:28]} Bf6 {[%emt 0:01:31]} 39. Rc4 {[%emt 0:00:29]} Ke7 {[%emt 0:03:01]} 40. a4 {[%emt 0:00:44]} Kf7 {[%emt 0:00:49]} 41. Kf3 {[%emt 0:00:43]} h5 {[%emt 0:03:12]} 42. Ke2 {[%emt 0:00:32]} Ke7 {[%emt 0:00:09]} 43. f4 {[%emt 0:00:35]} Kd8 {[%emt 0:00:48]} 44. Rc6 {[%emt 0:00:24]} Ke7 {[%emt 0:00:07]} 45. Rc4 {[%emt 0:00:21]} Kd8 {[%emt 0:00:08]} 46. Bf2 {[%emt 0:00:34]} Rc7 {[%emt 0:01:19]} 47. Kd3 {[%emt 0:00:33]} Kd7 {[%emt 0:00:30]} 48. Be1 {[%emt 0:00:30]} Be7 {[%emt 0:00:30]} 49. Bc3 {[%emt 0:00:33]} g6 {[%emt 0:00:24]} 50. Bb2 {[%emt 0:00:27]} a6 {[%emt 0:00:35]} 51. Rxc7+ {[%emt 0:00:42]} 1/2-1/2

[Event "POL-chT 2nd League Juniors 2020"]
[Site "Sypniewo"]
[Date "2020.10.29"]
[Round "8.9"]
[White "Doroba, Ludwik"]
[Black "Duda, Leon"]
[Result "1/2-1/2"]
[WhiteElo "1330"]
[BlackElo "1388"]
[Annotator "NA RC"]
[PlyCount "106"]
[EventDate "2020.10.23"]
[EventType "team-tourn"]
[EventCountry "POL"]
[SourceTitle "playchess.com"]
[Source "ChessBase"]
[SourceQuality "1"]
[TimeControl "5400+30"]

1. d4 {[%emt 0:00:00]} c5 {[%emt 0:00:00]} 2. d5 {[%emt 0:00:00]} e5 {[%emt 0:00:00]} 3. e4 {[%emt 0:00:00]} d6 {[%emt 0:00:04]} 4. Nc3 {[%emt 0:00:08]} g6 {[%emt 0:00:11]} 5. Nf3 {[%emt 0:02:16]} Bg7 {[%emt 0:00:47]} 6. Bb5+ {[%emt 0:04:26]} Nd7 {[%emt 0:00:51]} 7. O-O {[%emt 0:01:28]} a6 {[%emt 0:00:21]} 8. Bxd7+ {[%emt 0:00:34]} Bxd7 {[%emt 0:00:07]} 9. a4 {[%emt 0:04:46]} Ne7 {[%emt 0:00:34]} 10. Ne1 {[%emt 0:01:43]} O-O {[%emt 0:02:49]} 11. f3 {[%emt 0:01:08]} b5 12. b3 {[%emt 0:04:23]} b4 {[%emt 0:06:36]} 13. Ne2 {[%emt 0:01:17]} f5 {[%emt 0:02:18]} 14. Nd3 {[%emt 0:05:06]} f4 {[%emt 0:04:37]} 15. Nb2 {[%emt 0:05:59]} h5 {[%emt 0:02:01]} 16. Kh1 {[%emt 0:05:18]} g5 {[%emt 0:02:43]} 17. Ng1 {[%emt 0:01:02]} Ng6 {[%emt 0:01:52]} 18. Bd2 {[%emt 0:02:04]} g4 {[%emt 0:05:38]} 19. Nc4 {[%emt 0:01:29]} Rf6 {[%emt 0:09:17]} 20. Qe2 {[%emt 0:01:57]} g3 {[%emt 0:02:03]} 21. h3 {[%emt 0:00:11]} Nf8 {[%emt 0:01:35]} 22. Rfb1 {[%emt 0:03:39]} Nh7 {[%emt 0:01:31]} 23. Qf1 {[%emt 0:01:12]} Rg6 {[%emt 0:00:58]} 24. Re1 {[%emt 0:00:43]} Rb8 {[%emt 0:02:57]} 25. Re2 {[%emt 0:02:49]} Bf8 {[%emt 0:05:07]} 26. Rd1 {[%emt 0:02:25]} Rb7 {[%emt 0:04:20]} 27. Bc1 {[%emt 0:00:45]} Be7 {[%emt 0:02:41]} 28. Bb2 {[%emt 0:00:59]} Bh4 {[%emt 0:01:19]} 29. Rdd2 {[%emt 0:01:25]} Qc8 {[%emt 0:01:15]} 30. Ba1 {[%emt 0:00:44]} Ng5 {[%emt 0:00:43]} 31. Bb2 {[%emt 0:00:45]} Kh7 {[%emt 0:01:14]} 32. Ba1 {[%emt 0:00:42]} Nxh3 {[%emt 0:01:21]} 33. gxh3 {[%emt 0:01:13]} g2+ {[%emt 0:00:56]} 34. Rxg2 {[%emt 0:00:33]} Bxh3 {[%emt 0:00:48]} 35. Nxh3 {[%emt 0:00:24]} Qxh3+ {[%emt 0:00:12]} 36. Kg1 {[%emt 0:00:07]} Bg3 {[%emt 0:00:35]} 37. Qe2 {[%emt 0:02:14]} h4 {[%emt 0:02:05]} 38. Bxe5 {[%emt 0:01:21]} Qd7 {[%emt 0:04:25]} 39. Bxf4 {[%emt 0:03:41]} Qg7 {[%emt 0:08:54]} 40. Bxg3 {[%emt 0:18:37]} h3 {[%emt 0:00:31]} 41. Be5 {[%emt 0:01:19]} dxe5 {[%emt 0:07:34]} 42. Rg4 {[%emt 0:07:49]} Qf6 {[%emt 0:02:47]} 43. Rxg6 {[%emt 0:01:44]} Kxg6 {[%emt 0:00:49]} 44. Qh2 {[%emt 0:02:30]} Qh4 {[%emt 0:10:23]} 45. Rg2+ {[%emt 0:03:22]} Kh6 {[%emt 0:01:43]} 46. Qg3 {[%emt 0:00:30]} Qh5 {[%emt 0:00:46]} 47. Qg6+ {[%emt 0:01:44]} Qxg6 {[%emt 0:00:12]} 48. Rxg6+ {[%emt 0:00:03]} Kxg6 {[%emt 0:00:07]} 49. Nxe5+ {[%emt 0:00:10]} Kf6 {[%emt 0:00:54]} 50. Nd3 {[%emt 0:02:30]} Rc7 {[%emt 0:01:29]} 51. Kh2 {[%emt 0:01:13]} a5 {[%emt 0:00:53]} 52. Nb2 {[%emt 0:00:58]} Ke5 {[%emt 0:00:54]} 53. Nc4+ {[%emt 0:00:12]} Kf4 {[%emt 0:00:08]} 1/2-1/2

[Event "POL-chT 2nd League Juniors 2020"]
[Site "Sypniewo"]
[Date "2020.10.29"]
[Round "8.10"]
[White "Rozek, Michal"]
[Black "Leszczewicz, Karol"]
[Result "1-0"]
[WhiteElo "1442"]
[BlackElo "1267"]
[Annotator "NA RC"]
[PlyCount "75"]
[EventDate "2020.10.23"]
[EventType "team-tourn"]
[EventCountry "POL"]
[SourceTitle "playchess.com"]
[Source "ChessBase"]
[SourceQuality "1"]
[TimeControl "5400+30"]

1. e4 {[%emt 0:00:00]} c5 {[%emt 0:00:00]} 2. Nf3 {[%emt 0:00:00]} d6 {[%emt 0:00:00]} 3. Bb5+ {[%emt 0:00:00]} Bd7 {[%emt 0:01:17]} 4. Bxd7+ {[%emt 0:00:00]} Qxd7 {[%emt 0:00:12]} 5. c4 {[%emt 0:01:04]} Nc6 {[%emt 0:03:52]} 6. d4 {[%emt 0:00:47]} cxd4 {[%emt 0:08:44]} 7. Nxd4 {[%emt 0:00:15]} g6 {[%emt 0:02:48]} 8. Nc3 {[%emt 0:02:46]} Bg7 {[%emt 0:03:42]} 9. Be3 Nf6 {[%emt 0:02:06]} 10. f3 {[%emt 0:03:25]} O-O {[%emt 0:04:22]} 11. O-O {[%emt 0:02:15]} Rac8 {[%emt 0:07:57]} 12. b3 {[%emt 0:03:58]} Rfd8 {[%emt 0:07:42]} 13. Rc1 {[%emt 0:06:55]} Nxd4 {[%emt 0:15:29]} 14. Bxd4 {[%emt 0:00:51]} Bh6 {[%emt 0:06:11]} 15. Rc2 {[%emt 0:04:45]} Nh5 {[%emt 0:03:23]} 16. Bxa7 {[%emt 0:09:25]} Nf4 {[%emt 0:03:32]} 17. Nd5 {[%emt 0:04:26]} Nxd5 {[%emt 0:01:20]} 18. Qxd5 {[%emt 0:01:47]} Rc6 {[%emt 0:07:09]} 19. Bf2 {[%emt 0:03:39]} Qc7 {[%emt 0:05:01]} 20. Rd1 {[%emt 0:09:13]} Ra8 {[%emt 0:06:06]} 21. a4 {[%emt 0:03:17]} Ra5 {[%emt 0:06:21]} 22. Qd3 {[%emt 0:01:00]} Ra8 {[%emt 0:00:43]} 23. Re2 {[%emt 0:05:21]} Ra5 {[%emt 0:02:10]} 24. Ra1 {[%emt 0:02:48]} Ra8 {[%emt 0:00:25]} 25. Rc2 {[%emt 0:01:06]} Rca6 {[%emt 0:01:21]} 26. Rca2 {[%emt 0:01:25]} Qc6 {[%emt 0:00:26]} 27. Bd4 {[%emt 0:05:03]} Qd7 {[%emt 0:00:39]} 28. a5 {[%emt 0:01:04]} Qc6 {[%emt 0:00:29]} 29. b4 {[%emt 0:00:44]} Qc7 {[%emt 0:00:30]} 30. Bb6 {[%emt 0:00:57]} Qd7 {[%emt 0:00:32]} 31. b5 {[%emt 0:00:45]} Bg7 {[%emt 0:00:27]} 32. bxa6 {[%emt 0:01:03]} Bxa1 {[%emt 0:00:08]} 33. axb7 {[%emt 0:01:18]} Qxb7 {[%emt 0:00:43]} 34. Rxa1 {[%emt 0:00:22]} Qc6 {[%emt 0:00:41]} 35. Qd5 {[%emt 0:00:49]} Qxd5 {[%emt 0:00:12]} 36. cxd5 {[%emt 0:00:18]} Kg7 {[%emt 0:00:30]} 37. a6 {[%emt 0:00:14]} Kf8 {[%emt 0:00:09]} 38. a7 {[%emt 0:00:09]} 1-0

[Event "POL-chT 2nd League Juniors 2020"]
[Site "Sypniewo"]
[Date "2020.10.29"]
[Round "8.11"]
[White "Tarka, Aleksandra"]
[Black "Hertlein, Irena"]
[Result "0-1"]
[WhiteElo "1676"]
[BlackElo "1893"]
[Annotator "NA RC"]
[PlyCount "42"]
[EventDate "2020.10.23"]
[EventType "team-tourn"]
[EventCountry "POL"]
[SourceTitle "playchess.com"]
[Source "ChessBase"]
[SourceQuality "1"]
[TimeControl "5400+30"]

1. e4 {[%emt 0:00:00]} c5 {[%emt 0:00:00]} 2. d3 {[%emt 0:00:00]} Nc6 {[%emt 0:00:00]} 3. g3 {[%emt 0:00:00]} g6 {[%emt 0:00:00]} 4. Bg2 {[%emt 0:00:00]} Bg7 {[%emt 0:00:07]} 5. f4 {[%emt 0:00:08]} d6 {[%emt 0:00:48]} 6. Nf3 {[%emt 0:00:33]} e5 {[%emt 0:00:15]} 7. O-O {[%emt 0:04:50]} Nge7 {[%emt 0:00:40]} 8. f5 {[%emt 0:02:35]} gxf5 {[%emt 0:00:37]} 9. Nh4 {[%emt 0:00:08]} f4 {[%emt 0:14:30]} 10. Qh5 {[%emt 0:01:39]} Be6 {[%emt 0:12:29]} 11. gxf4 {[%emt 0:41:53]} exf4 {[%emt 0:01:11]} 12. c3 {[%emt 0:03:39]} (12. Nf5 $11 Rg8 13. Nxg7+ Rxg7 14. Bxf4) 12... Qd7 {[%emt 0:14:20]} 13. Qg5 {[%emt 0:14:34]} (13. Nf5 $17 {might work better.} Nxf5 14. exf5 Bxf5 15. Bxf4) 13... Rg8 $17 {[%emt 0:02:35]} 14. Qxf4 {[%emt 0:02:45]} O-O-O {[%emt 0:03:27]} 15. Nf5 {[%emt 0:11:21]} Nxf5 {[%emt 0:03:22]} 16. exf5 {[%emt 0:00:34]} Bd5 {[%emt 0:00:09]} 17. f6 {[%emt 0:08:56]} Bh6 {[%emt 0:01:25]} 18. Qg3 {[%emt 0:05:05]} Rxg3 {[%emt 0:01:32]} 19. hxg3 {[%emt 0:00:07]} Bxg2 {[%emt 0:00:20]} 20. Kxg2 {[%emt 0:00:10]} Bxc1 {[%emt 0:00:10]} 21. Rxc1 {[%emt 0:00:22]} Qg4 {[%emt 0:00:44]} 0-1

[Event "POL-chT 2nd League Juniors 2020"]
[Site "Sypniewo"]
[Date "2020.10.29"]
[Round "8.11"]
[White "Matyjasek, Michalina"]
[Black "Kukula, Klara"]
[Result "0-1"]
[WhiteElo "1477"]
[BlackElo "1232"]
[Annotator "NA RC"]
[PlyCount "72"]
[EventDate "2020.10.23"]
[EventType "team-tourn"]
[EventCountry "POL"]
[SourceTitle "playchess.com"]
[Source "ChessBase"]
[SourceQuality "1"]
[TimeControl "5400+30"]

1. d4 Nf6 2. c4 e6 3. Nc3 b6 4. Nf3 Bb7 5. e3 Bb4 6. Bd3 O-O 7. O-O Bxc3 8. bxc3 d6 9. Re1 c5 10. e4 Nbd7 11. e5 dxe5 12. dxe5 Ne8 13. Bg5 f6 14. exf6 Nexf6 15. Rxe6 Qc7 16. Qe2 Ng4 17. Bxh7+ Kxh7 18. Qd3+ Kg8 19. Rd6 Nde5 20. Nxe5 Nxe5 21. Qd1 Nxc4 22. Rd7 Qc6 23. f3 Ne5 24. Rd6 Qe8 25. f4 Nf7 26. Qb3 Kh8 27. Re6 Qc8 28. c4 Qxe6 29. Qc3 Nxg5 30. fxg5 Qf5 31. Qg3 Qf4 32. Qh3+ Kg8 33. Qe6+ Qf7 34. Qe3 Qxc4 35. Qh3 Qd4+ 36. Kh1 Qxa1# 0-1

[Event "POL-chT 2nd League Juniors 2020"]
[Site "Sypniewo"]
[Date "2020.10.29"]
[Round "8.12"]
[White "Lajdamik, Anna"]
[Black "Pastuszko, Katarzyna"]
[Result "1-0"]
[WhiteElo "1292"]
[BlackElo "1251"]
[Annotator "NA RC"]
[PlyCount "35"]
[EventDate "2020.10.23"]
[EventType "team-tourn"]
[EventCountry "POL"]
[SourceTitle "playchess.com"]
[Source "ChessBase"]
[SourceQuality "1"]
[TimeControl "5400+30"]

1. e4 {[%emt 0:00:00]} e5 {[%emt 0:00:00]} 2. Nf3 {[%emt 0:00:01]} Nc6 {[%emt 0:00:12]} 3. d4 {[%emt 0:00:36]} exd4 {[%emt 0:00:21]} 4. c3 {[%emt 0:00:40]} d5 {[%emt 0:04:38]} 5. exd5 {[%emt 0:01:14]} Qxd5 {[%emt 0:01:08]} 6. cxd4 {[%emt 0:00:39]} Bf5 {[%emt 0:05:04]} 7. Nc3 Qe6+ {[%emt 0:07:26]} 8. Be2 {[%emt 0:10:49]} Nb4 {[%emt 0:11:41]} 9. O-O {[%emt 0:07:37]} Nc2 {[%emt 0:09:39]} 10. Rb1 {[%emt 0:03:52]} O-O-O {[%emt 0:03:31]} 11. Bd3 {[%emt 0:07:57]} Nxd4 {[%emt 0:03:09]} 12. Nxd4 {[%emt 0:03:33]} Qf6 {[%emt 0:16:20]} 13. Nxf5 {[%emt 0:08:50]} Nh6 {[%emt 0:06:56]} 14. Bxh6 {[%emt 0:07:48]} gxh6 {[%emt 0:01:16]} 15. Qf3 {[%emt 0:00:31]} Bb4 {[%emt 0:05:15]} 16. Nd5 {[%emt 0:01:36]} Qe6 {[%emt 0:02:26]} 17. Nxb4 {[%emt 0:00:26]} Rhg8 {[%emt 0:02:23]} 18. Rfe1 {[%emt 0:00:42]} 1-0

[Event "POL-chT 2nd League Juniors 2020"]
[Site "Sypniewo"]
[Date "2020.10.29"]
[Round "8.13"]
[White "Posluszny, Tomasz"]
[Black "Lewandowski, Wiktor"]
[Result "0-1"]
[WhiteElo "2050"]
[BlackElo "1756"]
[Annotator "TA"]
[PlyCount "114"]
[EventDate "2020.10.23"]
[EventType "team-tourn"]
[EventCountry "POL"]
[SourceTitle "playchess.com"]
[Source "ChessBase"]
[SourceQuality "1"]

{[%evp 9,114,8,29,27,21,-17,0,-13,0,-33,-36,-60,-36,-81,-87,-92,-84,-87,-31,-148,-138,-169,-70,-78,-40,-50,-54,-67,-55,-55,-47,-36,-60,-70,-65,-89,-8,-33,-30,-42,-24,-31,0,0,-25,-72,-61,-50,-56,-77,0,-100,212,222,277,266,262,256,1054,904,1838,0,0,0,49,0,0,-23,0,0,589,-506,-453,-490,-477,-454,-454,-521,-295,-298,-291,-256,-250,-415,-118,-342,-334,-594,-122,-12839,-12840,-12840,-12840,-12841,-12841,-12841,-12842,-12842,-12843,-12845,-12844,-29988,-29989,-29996,-29995,-29995,-29996]} 1. d4 d5 2. c4 e6 3. Nc3 Nf6 4. cxd5 exd5 5. Bg5 Bb4 6. Qa4+ {D35: Queen's Gambit Declined: Exchange Variation.} Nc6 7. a3 Bxc3+ 8. bxc3 {The position is equal.} h6 {[#]} 9. Bf4 $146 ({Predecessor:} 9. Bxf6 Qxf6 10. Nf3 O-O 11. e3 a6 12. Be2 Re8 13. O-O b5 14. Qd1 Bf5 15. a4 {1-0 (58) Moskovic,D (2293)-Trent,L (2442) England 2011}) 9... O-O 10. h4 Ne4 11. Qc2 Bf5 12. Qb2 Na5 13. e3 b6 {[#]} (13... Re8 $17) 14. c4 (14. g4 $1 $15 {[%mdl 512]} Bg6 (14... Bxg4 15. f3) 15. Nf3) 14... dxc4 $17 15. f3 Nd6 (15... c3 $19 16. Qa2 Nd2) 16. g4 $15 Bh7 17. Rd1 Re8 18. g5 h5 19. Kf2 a6 20. Ne2 b5 21. Ng3 Bg6 $1 22. Bg2 Nf5 (22... Qe7 $17) 23. Nxf5 (23. e4 $5 {[%cal Re4f5]} Nxg3 24. Kxg3 $15) 23... Bxf5 24. e4 Bc8 25. d5 Qe7 26. Bd2 Qc5+ 27. Kg3 Nb3 28. Bc3 Qd6+ 29. f4 Qg6 (29... Nc5 $17 30. e5 Qg6) 30. Rhf1 (30. d6 $11 {remains equal.}) 30... f5 $2 {[%mdl 8192]} (30... Nc5 $17 {and life is bright.} 31. e5 (31. f5 Bxf5 32. exf5 Qd6+ 33. Kh3 Re3+ 34. Rf3 Qf4 $19) 31... Na4) 31. e5 $18 Bb7 32. d6 Bxg2 33. Qxg2 cxd6 $2 (33... Nc5) 34. Rxd6 Qf7 35. Rfd1 $2 (35. g6 $18) 35... Nc5 $1 $11 {[%cal Rc5e4] Black wants to play ...Ne4+.} 36. Kh2 Rac8 37. Bb4 {[%mdl 1024] Black must now prevent Bxc5. White has compensation.} (37. Qf3 $5 {[%cal Rg5g6]} Re6 38. Rxe6 Nxe6 39. Rd6 $11) 37... Ne4 {Hoping for ...c3.} 38. Rd7 Qe6 $36 {[%mdl 2048] White is under pressure.} 39. Bc3 Re7 $2 {[%mdl 8192] [#]} (39... Nxc3 40. R1d6 $14) (39... a5 $11 {and Black stays safe.}) 40. Rd8+ $4 {[%mdl 8192]} (40. R7d6 $1 $18 {[%mdl 512]}) 40... Rxd8 $19 41. Rxd8+ Re8 42. Rxe8+ Qxe8 43. Qb2 Nxc3 44. Qxc3 {[%mdl 4096] Endgame KQ-KQ} Qd7 {aiming for ...Qd3.} 45. Kg2 Qd5+ 46. Qf3 $2 (46. Kf2) 46... Qd2+ $2 (46... Qe4 $1 $19 {and Black stays clearly on top.} 47. Kg3 Qe1+ 48. Qf2 Qd1) 47. Kg3 $2 (47. Kf1 $17) 47... Qe1+ $1 48. Kh3 $2 (48. Qf2 Qd1 49. e6) 48... Qe4 $2 (48... Qg1 $1 $19 {[%cal Rg1g4] is more deadly. And now ...Qg4+ would win.} 49. Qd5+ Kh7) 49. Qxh5 $2 {[%mdl 8192] [#]} (49. Kg3 $17) 49... Qh1+ $1 50. Kg3 Qg1+ 51. Kh3 {[#]} Qg4+ $1 {[%mdl 512]} 52. Qxg4 fxg4+ 53. Kxg4 {KP-KP} c3 54. Kf5 c2 55. Kg6 c1=Q {Black mates.} 56. f5 Qxa3 57. h5 Qe7 {Black used his chance. Av CentiPawn Loss W=-111/B=-86. Weighted=-113/-80} 0-1

[Event "POL-chT 2nd League Juniors 2020"]
[Site "Sypniewo"]
[Date "2020.10.29"]
[Round "8.14"]
[White "Kolodziejski, Piotr"]
[Black "Oleksy, Krzysztof"]
[Result "1/2-1/2"]
[WhiteElo "1905"]
[BlackElo "1934"]
[Annotator "TA"]
[PlyCount "64"]
[EventDate "2020.10.23"]
[EventType "team-tourn"]
[EventCountry "POL"]
[SourceTitle "playchess.com"]
[Source "ChessBase"]
[SourceQuality "1"]

{[%evp 22,64,16,9,19,19,20,0,0,0,0,0,0,0,0,0,0,0,0,0,0,0,27,17,23,18,32,31,41,20,33,0,0,0,30,24,34,39,79,46,43,42,45,8,50]} 1. e4 c5 2. Nf3 d6 3. d4 cxd4 4. Nxd4 Nf6 5. Nc3 a6 6. Be2 e5 7. Nb3 Be7 8. O-O O-O 9. Be3 Be6 10. Qd2 Nbd7 11. a4 {[%cal Ba2a4,Ba4a5][%mdl 32]} Qc7 12. a5 Nc5 {B92: Sicilian Najdorf: 6 Be2.} 13. Nxc5 dxc5 14. Rfd1 Rad8 15. Qe1 Rxd1 16. Bxd1 {[#]} c4 $146 ({Predecessor:} 16... Rd8 17. Bf3 Rd7 18. Na4 Bg4 19. Bxg4 Nxg4 20. Nb6 Rd8 21. Nd5 Qd6 22. Rd1 Bf8 {1-0 (42) Sandalakis,A (2138)-Pfaffel,T (2126) Rethymno 2003}) 17. Bf3 Bb4 18. Bb6 Qe7 19. Qe2 Bxc3 20. bxc3 Nd7 21. Be3 Rb8 22. Qd1 Rc8 23. Qb1 Rc7 24. Qb2 h6 25. Rd1 Nf6 26. Qb6 Rd7 27. Rb1 Qa3 28. Qb4 Qxb4 29. cxb4 Ng4 30. Bxg4 Bxg4 31. f3 Be6 32. Kf2 Kf8 {Av CentiPawn Loss W=-8/B=-9. Weighted=-8/-10} 1/2-1/2

[Event "POL-chT 2nd League Juniors 2020"]
[Site "Sypniewo"]
[Date "2020.10.29"]
[Round "8.15"]
[White "Jendrowiak, Maciej"]
[Black "Komendecki, Antoni"]
[Result "1/2-1/2"]
[WhiteElo "1382"]
[BlackElo "1801"]
[Annotator "NA RC"]
[PlyCount "91"]
[EventDate "2020.10.23"]
[EventType "team-tourn"]
[EventCountry "POL"]
[SourceTitle "playchess.com"]
[Source "ChessBase"]
[SourceQuality "1"]
[TimeControl "5400+30"]

1. d4 {[%emt 0:00:00]} Nf6 {[%emt 0:00:00]} 2. Nf3 {[%emt 0:00:00]} g6 {[%emt 0:00:11]} 3. c4 {[%emt 0:00:41]} c5 {[%emt 0:00:04]} 4. d5 {[%emt 0:03:58]} e6 {[%emt 0:00:08]} 5. Nc3 {[%emt 0:03:39]} exd5 {[%emt 0:00:09]} 6. cxd5 {[%emt 0:01:17]} d6 {[%emt 0:00:18]} 7. e4 {[%emt 0:03:52]} Bg7 {[%emt 0:01:21]} 8. Bd3 {[%emt 0:01:54]} a6 {[%emt 0:00:20]} 9. a4 {[%emt 0:00:22]} O-O {[%emt 0:00:29]} 10. O-O {[%emt 0:01:27]} Re8 {[%emt 0:01:49] A70: Modern Benoni: 6 e4 g6 7 Nf3.} 11. Bg5 {[%emt 0:01:03]} Qc7 {[%emt 0:05:17]} 12. Nd2 {[%emt 0:03:25]} Nbd7 {[%emt 0:27:51] [#]} 13. f4 $146 {[%emt 0:10:29]} ({Predecessor:} 13. Nc4 Ne5 14. Nxe5 Rxe5 15. f4 Re8 16. h3 Qb6 17. Rf2 Nd7 18. a5 Qc7 19. Kh1 {½-½ (37) Jambrovic,G (1803)-Vuckovecki,A Croatia 2013}) 13... Rb8 {[%emt 0:13:04] [#]} 14. Re1 $2 {[%emt 0:05:50]} (14. Kh1 $1 $16) 14... Nb6 {[%emt 0:12:07]} (14... c4 $11 {remains equal.} 15. Nxc4 b5 16. axb5 axb5) 15. a5 {[%emt 0:02:40]} Nbd7 {[%emt 0:02:58]} 16. Qe2 {[%emt 0:03:04]} b5 {[%emt 0:03:05]} 17. axb6 {[%emt 0:00:22]} Nxb6 {[%emt 0:00:08]} 18. Qf1 {[%emt 0:02:02]} ({Of course not} 18. Bxa6 Nfxd5 19. Bxc8 (19. Nxd5 Nxd5 {[%mdl 64] Pin} 20. Bxc8 h6 $15) 19... Qxc8 $15) 18... Ng4 {[%emt 0:02:33]} 19. h3 {[%emt 0:12:47]} Bd4+ {[%emt 0:01:03]} 20. Kh1 {[%emt 0:00:10]} Ne3 {[%emt 0:00:30]} 21. Qf3 {[%emt 0:00:25]} c4 {[%emt 0:00:44]} 22. Bb1 {[%emt 0:00:47]} Nexd5 {[%emt 0:00:24]} 23. Qg3 {[%emt 0:05:06]} Nxc3 {[%emt 0:02:05]} 24. bxc3 {[%emt 0:00:09]} Bg7 {[%emt 0:01:27]} 25. Bc2 {[%emt 0:00:32]} Bb7 {[%emt 0:11:32]} 26. Ba4 {[%emt 0:01:31]} Nxa4 {[%emt 0:03:37]} 27. Rxa4 {[%emt 0:00:08]} d5 {[%emt 0:00:42]} 28. e5 {[%emt 0:00:53]} Qd7 {[%emt 0:00:56]} 29. Ra3 {[%emt 0:00:47]} Qf5 {[%emt 0:02:32]} 30. Qf2 {[%emt 0:01:18]} h6 {[%emt 0:03:57]} 31. Bh4 {[%emt 0:00:53]} Rbc8 {[%emt 0:03:00]} (31... Bf8 $17 32. Raa1 {[#]} d4 $1 {[%mdl 512]}) 32. Kh2 {[%emt 0:02:50]} (32. Qd4 $15) 32... g5 {[%emt 0:03:13]} 33. fxg5 {[%emt 0:02:19]} (33. Bg3 $17) 33... Qxf2 $19 {[%emt 0:00:29]} ({Don't play} 33... Rxe5 34. Qxf5 Rxf5 35. gxh6 $17) 34. Bxf2 {[%emt 0:00:28]} Bxe5+ {[%emt 0:00:06]} 35. Kg1 {[%emt 0:00:09]} hxg5 {[%emt 0:00:10]} 36. Nf3 {[%emt 0:00:13]} f6 {[%emt 0:01:27]} 37. Rb1 {[%emt 0:00:11]} Re7 {[%emt 0:00:35]} 38. Bd4 {[%emt 0:00:13]} Bxd4+ {[%emt 0:00:46]} 39. Nxd4 {[%emt 0:00:04]} Rcc7 {[%emt 0:01:33]} 40. Nf5 {[%emt 0:00:29]} Red7 {[%emt 0:00:02]} 41. Ra2 {[%emt 0:00:16]} Kf7 {[%emt 0:00:39]} 42. Re1 {[%emt 0:00:16]} Bc8 {[%emt 0:01:15]} 43. Rae2 {[%emt 0:00:25]} Ra7 {[%emt 0:01:05]} 44. Re8 {[%emt 0:00:43]} Rac7 {[%emt 0:00:39]} 45. Rh8 {[%emt 0:01:22]} Kg6 {[%emt 0:00:56]} 46. g4 {[%emt 0:00:10]} 1/2-1/2